Gebauerova Mluvnice česká pro školy střední a ústavy učitelské. I, Hláskosloví. Nauka o slově /

Hlavní autor: Gebauer, Jan, 1838-1907
Další autoři: Ertl, Václav, 1875-1929
Jazyk: Čeština
Vydáno: V Praze : Unie, 1918
Vydání: Vyd. 6. nezm.
Fyzický popis: 244 s.
Knihy
Uloženo v:
LEADER 00888nam a22002532a 4500
001 000635532
003 CZ BrMZK
005 20021114134359.0
007 ta
008 021111s1918 xr f cze d
040 |a BOA001  |b cze  |c BOA001 
100 1 |a Gebauer, Jan,  |d 1838-1907  |7 jk01032357  |4 aut 
245 1 0 |a Gebauerova Mluvnice česká pro školy střední a ústavy učitelské.  |n I,  |p Hláskosloví.  |p Nauka o slově /  |c nově zpracoval Václav Ertl 
246 3 3 |a Hláskosloví 
246 3 0 |a Nauka o slově 
246 3 |a Mluvnice česká pro školy střední a ústavy učitelské 
250 |a Vyd. 6. nezm. 
260 |a V Praze :  |b Unie,  |c 1918 
300 |a 244 s. 
700 1 |a Ertl, Václav,  |d 1875-1929  |7 jk01030578  |4 aut 
910 |a BOA001  |b 2-0055.094,1 
990 |a BK 
993 |a Y 
996 6 |b 2619511548  |c 2-0055.094,1  |l MZK  |r Sklad / do 24 hodin  |n 1  |w 000635532  |u 000010  |a 1  |e BOA001  |j MZK50  |s P